Soft power : (Record no. 92648)
[ view plain ]
| 000 -LEADER | |
|---|---|
| fixed length control field | 00692nam a22002057a 4500 |
| 005 - DATE AND TIME OF LATEST TRANSACTION | |
| control field | 20230417111441.0 |
| 010 ## - LCCN (DPL NO) | |
| LC control number | ENG-112553 ENG-136682 |
| 020 ## - INTERNATIONAL STANDARD BOOK NUMBER | |
| International Standard Book Number | 9789380502908 |
| Terms of availability | 825.00 |
| 035 ## - SYSTEM CONTROL NUMBER | |
| System control number | EN-96085N EN-120214 |
| 037 ## - SOURCE OF ACQUISITION | |
| Source of stock number/acquisition | DBAD/PUB |
| 082 ## - DEWEY DECIMAL CLASSIFICATION NUMBER | |
| Classification number | 327.73 |
| 100 ## - MAIN ENTRY--PERSONAL NAME | |
| Personal name | Nye, Joseph S. |
| 245 00 - TITLE STATEMENT | |
| Title | Soft power : |
| Statement of responsibility, etc | by Joseph S. Nye |
| Remainder of title | the means to success in world politics / |
| 260 ## - PUBLICATION, DISTRIBUTION, ETC. (IMPRINT) | |
| Place of publication, distribution, etc | New Delhi |
| Name of publisher, distributor, etc | KW Publishers |
| Date of publication, distribution, etc | 2012(repr.) |
| 270 ## - ADDRESS | |
| Address | 4676/21, First Floor, Ansari Road, Daryaganj, |
| City | New Delhi |
| Postal code | 110002 |
| 300 ## - PHYSICAL DESCRIPTION | |
| Extent | xvi,191p. : |
| Dimensions | 24cm(hbk) |
| Other physical details | ill. |
| 500 ## - GENERAL NOTE | |
| General note | Includes index |
| 650 ## - SUBJECT ADDED ENTRY--TOPICAL TERM | |
| Topical term or geographic name as entry element | Power (Social sciences) |
| Geographic subdivision | United States. |
| 942 ## - ADDED ENTRY ELEMENTS (KOHA) | |
| Source of classification or shelving scheme | Dewey Decimal Classification |
| Item type | English Books |
| Call number suffix | NYE |
| Classification part | 327.73 |
| Withdrawn status | Lost status | Not for loan | Collection code | Home library | Current library | Date acquired | Source of acquisition | Cost, normal purchase price | Full call number | Barcode | Copy number | Cost, replacement price | Koha item type |
|---|---|---|---|---|---|---|---|---|---|---|---|---|---|
| Not For Loan | Non-fiction | D.B.Act.Division | D.B.Act.Division | 31/03/2015 | DBAD/PUB | 595.00 | 327.73 NYE | EN-96085 | 1 | 595.00 | English Books | ||
| Non-fiction | Shahdara Branch | Shahdara Branch | 17/04/2023 | DBAD/PUB | 825.00 | 327.73 NYE | EN-120214 | 1 | 825.00 | English Books |
